The biology of the white prawn Penaeus merguiensis de man (Crustacea : Penaeidae) in the Pulau Angsa - Klang Straits Waters (Straits of Malacca) /
Saved in:
| Main Author: | |
|---|---|
| Format: | Thesis Book |
| Language: | English |
| Published: |
1979.
|
| Subjects: | |
| Tags: |
Add Tag
No Tags, Be the first to tag this record!
|
| LEADER | 00905cam a2200253 a 4500 | ||
|---|---|---|---|
| 001 | u140432 | ||
| 003 | SIRSI | ||
| 008 | 920211s1979 my a b bt 00 1 eng m | ||
| 035 | |a AAQ-2298 | ||
| 040 | |a UMM | ||
| 090 | |a QL444 |b D3Cho | ||
| 091 | |a Microfiche 7082. | ||
| 100 | 1 | 0 | |a Chong, Ving Ching. |
| 245 | 1 | 4 | |a The biology of the white prawn Penaeus merguiensis de man (Crustacea : Penaeidae) in the Pulau Angsa - Klang Straits Waters (Straits of Malacca) / |c Chong Ving-ching. |
| 260 | |c 1979. | ||
| 300 | |a xii, 141 leaves : |b illus., maps ; |c 28 cm. | ||
| 500 | |a Photocopy. | ||
| 502 | |a Dissertation (M.Sc.) -- Fakulti Sains, Universiti Malaya, 1979. | ||
| 504 | |a Bibliography: leaves 127-141. | ||
| 650 | 0 | |a Penaeus merguiensis. | |
| 650 | 0 | |a Shrimps |z Malaysia. | |
| 948 | |a 11/02/1992 |b 12/06/2002 | ||
| 596 | |a 1 | ||
| 999 | |a QL444 D3CHO |w LC |c 1 |i A002721782 |d 6/6/1997 |l STACKS |m P01UTAMA |n 1 |r Y |s Y |t TESIS |u 11/3/1992 | ||
